000 01802nam a2200301 4500
005 20250710151446.0
008 190730s2025 000 0 eng d
040 _aCO-CtgCURN
_bspa
_ccoctgcurn
041 0 _aspa
082 0 _aENF2025
_bB475
100 1 _aBent Mitchell, Giveth Aneth.
245 1 0 _aConocimientos, mitos y actitudes sobre la lepra en la zona insular de Cartagena (Colombia), 2025 /
_cGiveth Aneth Bent Mitchell; Maria Jose Sanchez Beleo; Yuleida Seña Royo; Director: Moraima del Toro Rubio; Zorayda Barrios Puerta.
260 _aCartagena de Indias :
_bCorporación Universitaria Rafael Núñez,
_c2025.
300 _a164 hojas.
336 _2rdacontent
_atext
_btxt
337 _2rdacarrier
_asin mediacion
_bn
338 _2rdacarrier
_avolumen
_bnc
502 _aTrabajo de grado (Enfermeria). Corporacion Universitaria Rafael Nuñez. Facultad de Ciencias de la salud. Enfermeria, 2025.
520 _a"La lepra es una enfermedad crónica y desfigurante que ha afectado a la humanidad durante siglos. A pesar de los avances en diagnóstico y tratamiento, sigue siendo una preocupación de salud pública. En particular, la Zona Insular de Cartagena se desconocen las actitudes, los conocimientos y los mitos de los pobladores hacia la enfermedad."
650 0 _aEnfermeria
_vTesis y disertaciones academicas.
700 1 _aSanchez Beleño, María José.
700 1 _aSeña Royo, Yuleida.
700 1 _aToro Rubio, Moraima del,
_edirectora.
700 1 _aBarrios Puerta, Zorayda,
_edirectora.
856 _uhttps://unicurn.sharepoint.com/:b:/s/biblioteca/EWUKTMc7D-lLvHh4IIccMzEB_NIOkGVyNnRtE715xXnWWw?e=rsuK8u
_zClick para ver el recurso en texto completo
942 _cTG
_hENF 2025
_iB475
999 _c49115
_d49115